| 000 | 00859nam a22002897a 4500 | ||
|---|---|---|---|
| 001 | BR8703677 | ||
| 003 | BR-BrBNA | ||
| 005 | 20230928092623.0 | ||
| 007 | ta | ||
| 008 | 230509b bl.||||| |||| 00| 0 por d | ||
| 040 |
_aBR-BrBNA _bpor _cBiblioteca Nacional de Agricultura |
||
| 041 | _a(Por) | ||
| 072 |
_aP06 _b/G514 |
||
| 090 | _ P06 BR8703677 | ||
| 100 | 1 | _aGarcia, M. de F. | |
| 110 | 1 |
_aUniversidade Federal do Rio Grande do Sul, Porto Alegre (Brasil). Faculdade de Ciencias Economicas _0Tese (Mestrado) _911167 |
|
| 245 | 1 | _aO impacto do proalcool na economia agricola do Ceara | |
| 260 | 3 |
_aPorto Alegre, RS (Brasil): _c1984. |
|
| 300 | _a169 p. | ||
| 500 | _a35 ref.; 24 tables | ||
| 650 | _aALCOOL | ||
| 650 | _aPRODUCAO | ||
| 650 | _aDESENVOLVIMENTO RURAL | ||
| 650 | _aCEARA | ||
| 909 |
_a202309 _bLucia _c55 _dLucia Elande |
||
| 942 | _cBK | ||
| 999 |
_c40197 _d40197 |
||